[Event "Jastrzebie Zdroj op"]
[Site "Jastrzebie Zdroj"]
[Date "2019.08.14"]
[Round "3"]
[White "Borkowski, Maciej"]
[Black "Malinowska, Maja"]
[Result "1-0"]
[WhiteElo "1559"]
[BlackElo "1038"]
[PlyCount "99"]
[EventDate "2019.08.12"]
[EventType "swiss"]
[EventRounds "9"]
[EventCountry "POL"]
[SourceTitle "CBM 191 Extra"]
[Source "ChessBase"]
[SourceDate "2019.09.30"]
[SourceVersion "1"]
[SourceVersionDate "2019.09.30"]
[SourceQuality "1"]

1. c4 e5 2. Nc3 Nf6 3. g3 d5 4. cxd5 Nxd5 5. Bg2 Nf6 6. d3 Nc6 7. Nf3 Bg4 8. 0-0 Be7 9. Bg5 0-0 10. h3 Bh5 11. Qb3 Rb8 12. g4 Bg6 13. Bxf6 Bxf6 14. Nd5 Kh8 15. Nxf6 Qxf6 16. Rad1 b6 17. Qc3 Rbc8 18. e3 Qe6 19. Ng5 Qe7 20. Nxf7+ Bxf7 21. Qxc6 Bxa2 22. Ra1 Qf7 23. Qa4 Bd5 24. e4 Be6 25. Qxa7 Qf4 26. Rac1 Rf7 27. Qa4 Bd7 28. Qc2 Bb5 29. Rce1 Rcf8 30. Re3 c5 31. Rf3 Qg5 32. Rxf7 Rxf7 33. Qb3 Be8 34. Qxb6 Qd2 35. Qb8 Rf8 36. Qxe5 Qxd3 37. Qxc5 Rg8 38. e5 Qe2 39. Qc3 Bd7 40. Re1 Qa6 41. Qc7 Be6 42. Qd6 Qa2 43. b4 Qc4 44. Qc5 Rc8 45. Qxc4 Rxc4 46. b5 Rb4 47. Bc6 Bc4 48. e6 Bxb5 49. Bxb5 Rxb5 50. e7 1-0